000 00410nam a2200169Ia 4500
008 140626s9999 xx 000 0 und d
100 _aHoop, Honey.
245 _aDiscover Davao /
_cHoney Hoop ... [et al.].
260 _cc.
300 _a : , page 11
440 _aYour Guide to Davao Philippines
521 _aTOU
650 _aDescription.
650 _aHistory.
650 _aTitle.
942 _cSE
999 _c121129
_d121129